| 000 | 00532nam a2200181Ia 4500 | ||
|---|---|---|---|
| 003 | GCL | ||
| 008 | 140319s9999 xx 000 0 ara d | ||
| 040 |
_aGCL / _cGCL |
||
| 082 | 0 | 4 |
_a928.1 _bا ص |
| 100 | 1 | _aاحمد زيادة | |
| 245 | 1 | 0 |
_aصلاح جاهين: 1930 - 1986 / _cاحمد زيادة |
| 300 | _a165 ص | ||
| 490 |
_aالهيئة العامة للاستعلامات _v0 |
||
| 650 | 0 | 4 | _aالادب العربى |
| 650 | 0 | 4 | _aصلاح جاهين |
| 650 | 0 | 4 | _aالادباء العرب - مصر |
| 942 |
_2ddc _cBK |
||
| 999 |
_c49607 _d49607 |
||